|
|
|
|
| LEADER |
01472nam a22003017a 4500 |
| 001 |
35801 |
| 003 |
BD-DhAAL |
| 008 |
211102t2003 bg ||||| |||| 00| 0 ben d |
| 999 |
|
|
|c 43309
|d 43309
|
| 020 |
|
|
|a 9840743732
|
| 040 |
|
|
|a BD-DhAAL
|
| 041 |
|
|
|a ben
|
| 082 |
|
|
|a 891.4437
|2 22
|
| 245 |
|
|
|a প্যারীচাঁদ রচনাবলী,
|n প্রথম খণ্ড /
|c মোহাম্মদ মনিরুজ্জামান সম্পাদিত
|
| 246 |
|
|
|a Parychand rachanabali
|
| 246 |
|
|
|a Works of Parychand Mitra
|
| 250 |
|
|
|a প্রথম প্রকাশ
|
| 260 |
|
|
|a ঢাকা
|b বাংলা একাডেমী,
|c ২০০৩
|
| 300 |
|
|
|a ৫৫০ পৃষ্ঠা ;
|b ২২ সে.মি.
|
| 504 |
|
|
|a গ্রন্থপঞ্জী অন্তর্ভুক্ত।
|
| 526 |
|
|
|a BIED
|
| 541 |
|
|
|a Complimentary copy from BIED
|e 35801
|
| 600 |
|
|
|a Mitra, Parychand
|x Fiction
|y 1814-1883.
|9 42327
|
| 600 |
|
|
|a মিত্র, প্যারীচাঁদ,
|x রচনাবলী
|y ১৮১৪-১৮৮৩.
|9 42328
|
| 700 |
|
|
|a মনিরুজ্জামান, মোহাম্মদ
|9 42329
|
| 852 |
|
|
|a Ayesha Abed Library
|c BIED Collection
|
| 942 |
|
|
|2 ddc
|c BK
|
| 952 |
|
|
|0 0
|1 0
|2 ddc
|4 0
|6 891_443700000000000_PAR
|7 0
|9 69476
|a BRACUL
|b BRACUL
|c GEN
|d 2021-11-02
|e Complimentary copy from BIED
|l 6
|m 35
|o 891.4437 PAR
|p 3010035801
|r 2025-12-08
|s 2025-11-08
|t 1
|w 2021-11-02
|y BK
|x Transferred from BIED to General Stacks
|